BIBLIOTECA

SENCICO

Plan bicentenario : (Registro nro. 4036)

Detalles MARC
000 -LEADER
fixed length control field 00933nam a22002657a 4500
003 - CONTROL NUMBER IDENTIFIER
control field PE SENCICO BE
005 - DATE AND TIME OF LATEST TRANSACTION
control field 20251020182632.0
008 - FIXED-LENGTH DATA ELEMENTS--GENERAL INFORMATION
fixed length control field 230303b |||||||| |||| 00| 0 eng d
020 ## - INTERNATIONAL STANDARD BOOK NUMBER
International Standard Book Number 978-612-45549-4-0
040 ## - CATALOGING SOURCE
Original cataloging agency PE SENCICO BE
Transcribing agency PE SENCICO BE
041 ## - LANGUAGE CODE
Language code of text/sound track or separate title spa
082 ## - DEWEY DECIMAL CLASSIFICATION NUMBER
Classification number 658.4012
Item number C3
110 1# - MAIN ENTRY--CORPORATE NAME
9 (RLIN) 726
Corporate name or jurisdiction name as entry element Centro Nacional de Planeamiento Estratégico (Perú)
245 1# - TITLE STATEMENT
Title Plan bicentenario :
Remainder of title el Perú hacia el 2021 /
Statement of responsibility, etc. Centro Nacional de Planeamiento Estratégico
250 ## - EDITION STATEMENT
Edition statement 1a ed.
260 ## - PUBLICATION, DISTRIBUTION, ETC.
Place of publication, distribution, etc. Lima :
Name of publisher, distributor, etc. Centro Nacional de Planeamiento Estratégico,
Date of publication, distribution, etc. 2011
300 ## - PHYSICAL DESCRIPTION
Extent xvii, 249 p. :
Other physical details il. col., diagrs.
Dimensions 29 cm.
650 14 - SUBJECT ADDED ENTRY--TOPICAL TERM
9 (RLIN) 731
Topical term or geographic name entry element Planificación estratégica
650 24 - SUBJECT ADDED ENTRY--TOPICAL TERM
9 (RLIN) 728
Topical term or geographic name entry element Desarrollo económico y social
650 24 - SUBJECT ADDED ENTRY--TOPICAL TERM
9 (RLIN) 732
Topical term or geographic name entry element Política económica
650 24 - SUBJECT ADDED ENTRY--TOPICAL TERM
9 (RLIN) 727
Topical term or geographic name entry element Planes de desarrollo
651 10 - SUBJECT ADDED ENTRY--GEOGRAPHIC NAME
9 (RLIN) 661
Geographic name Perú
910 ## - USER-OPTION DATA (OCLC)
-- hfp
-- hfp
942 ## - ADDED ENTRY ELEMENTS (KOHA)
Source of classification or shelving scheme Dewey Decimal Classification
Koha item type Libros
Classification part 658.4012
Item part C3
Existencias
Fecha de la última vez que lo usaron Número de ingreso o de inventario Pago total Signatura topográfica completa Precio efectivo desde Tipo de documento Estado perdido Sistema de clasificación Estado dañado No es para préstamo Retirado Ubicación permanente Ubicación actual Fecha de adquisición
03/03/2023 14691   658.4012/C3 03/03/2023 Libros   Dewey Decimal Classification       Biblioteca Central Lima Biblioteca Central Lima 03/03/2023